[Event "FIRST SATURDAY IM  JUNE 2014"]
[Site "Budapest"]
[Date "2014.06.07"]
[Round "1.1"]
[White "Lyell, Mark"]
[Black "Gumanny, Evgeny"]
[Result "1-0"]
[WhiteElo "2223"]
[BlackElo "2137"]
[PlyCount "67"]
[EventDate "2014.06.07"]

1. e4 e6 2. d4 d5 3. Nc3 Nf6 4. e5 Nfd7 5. f4 c5 6. Nf3 Nc6 7. Be3 a6 8. Qd2
cxd4 9. Nxd4 Nxd4 10. Bxd4 Bc5 11. O-O-O Bxd4 12. Qxd4 Qb6 13. Qxb6 Nxb6 14.
Bd3 Bd7 15. Rhf1 g6 16. Ne2 Rc8 17. Nd4 h5 18. b3 Ke7 19. Kb2 Rc5 20. a4 Rhc8
21. Ra1 Be8 22. a5 Nd7 23. b4 R5c7 24. Ra3 g5 25. g3 h4 26. Re1 hxg3 27. hxg3
gxf4 28. gxf4 Nb8 29. f5 Nc6 30. f6+ Kd8 31. Nxc6+ Rxc6 32. Rg1 Rc4 33. Bxc4
Rxc4 34. Rb3 1-0

[Event "FIRST SATURDAY IM  JUNE 2014"]
[Site "Budapest"]
[Date "2014.06.07"]
[Round "1.2"]
[White "Farago, Sandor"]
[Black "Pesotskyi, Vitalii"]
[Result "1/2-1/2"]
[WhiteElo "2253"]
[BlackElo "2277"]
[PlyCount "116"]
[EventDate "2014.06.07"]

1. e4 Nf6 2. Nc3 d5 3. e5 Ne4 4. d4 Nxc3 5. bxc3 c5 6. a4 Nc6 7. Nf3 Bg4 8. Be2
e6 9. O-O Be7 10. Be3 Qa5 11. Qb1 Rb8 12. Qb2 O-O 13. h3 Bxf3 14. gxf3 Rfc8 15.
f4 cxd4 16. cxd4 Bb4 17. Rad1 Bc3 18. Qb3 Ne7 19. Bd3 Rc6 20. Qa3 Qb4 21. Qa2
Qb2 22. Qxb2 Bxb2 23. Rb1 Bc3 24. Rb3 g6 25. Rfb1 b6 26. Ba6 Rd8 27. Kf1 Nf5
28. Rd1 Ba5 29. Bd3 Rdc8 30. Ke2 Rc3 31. Rdb1 R8c7 32. Kd1 Kg7 33. Ke2 R3c6 34.
Rd1 Kf8 35. Kf3 Rc3 36. Ke2 Ke7 37. Rdb1 Rc8 38. Rxc3 Bxc3 39. Ba6 Rc7 40. Kd3
Ba5 41. c4 dxc4+ 42. Bxc4 Kd8 43. d5 exd5 44. Bxd5 Nxe3 45. fxe3 Ke7 46. Rd1
Rc3+ 47. Ke4 Bb4 48. Rd3 Rxd3 49. Kxd3 Ba3 50. e4 Bb2 51. Kc4 h6 52. Kb5 g5 53.
fxg5 hxg5 54. Ka6 Bd4 55. Bc4 Be3 56. Bd5 Bd4 57. Bc4 Bf2 58. Bd5 Bg1 1/2-1/2

[Event "FIRST SATURDAY IM  JUNE 2014"]
[Site "Budapest"]
[Date "2014.06.07"]
[Round "1.3"]
[White "Szalanczy, Emil"]
[Black "Torma, Robert"]
[Result "0-1"]
[WhiteElo "2285"]
[BlackElo "2404"]
[PlyCount "82"]
[EventDate "2014.06.07"]

1. e4 e6 2. d4 d5 3. Nc3 Bb4 4. e5 c5 5. a3 Bxc3+ 6. bxc3 Ne7 7. Qg4 O-O 8. Bd3
Qa5 9. Bd2 Nbc6 10. Nf3 f5 11. exf6 Rxf6 12. Qh5 Nf5 13. O-O c4 14. Be2 Bd7 15.
Rfb1 Nd6 16. Be1 Rf5 17. Qh4 Raf8 18. Ng5 h6 19. Nh3 R5f6 20. f3 Be8 21. Qg3
Nf5 22. Qf2 Qc7 23. Bd2 g5 24. Rf1 Qg7 25. Qe1 Kh8 26. Nf2 Rg6 27. Ng4 h5 28.
Ne5 Nxe5 29. dxe5 Ba4 30. Bd1 Ne7 31. Be3 Nc6 32. g4 hxg4 33. fxg4 Rxf1+ 34.
Kxf1 Kg8 35. Bd4 Rh6 36. Kg1 b6 37. Rc1 Rh3 38. Qf1 Qh6 39. Qg2 Ne7 40. Be2 Ng6
41. Rf1 Nf4 0-1

[Event "FIRST SATURDAY IM  JUNE 2014"]
[Site "Budapest"]
[Date "2014.06.08"]
[Round "2.1"]
[White "Gumanny, Evgeny"]
[Black "Torma, Robert"]
[Result "1/2-1/2"]
[WhiteElo "2137"]
[BlackElo "2404"]
[PlyCount "136"]
[EventDate "2014.06.07"]

1. d4 f5 2. Nf3 Nf6 3. g3 g6 4. Bg2 Bg7 5. O-O O-O 6. c4 d6 7. Nc3 c6 8. Qc2
Na6 9. a3 Nh5 10. b4 f4 11. Rd1 Qe8 12. Bb2 Qf7 13. d5 h6 14. dxc6 bxc6 15. Na4
Bf5 16. Qb3 Be6 17. Rac1 c5 18. Bxg7 Nxg7 19. b5 Nc7 20. Qc3 Rac8 21. Nb2 g5
22. Rf1 g4 23. Nh4 d5 24. Qe5 Qf6 25. Qxf6 Rxf6 26. gxf4 dxc4 27. a4 Nd5 28. e3
a6 29. bxa6 Bf7 30. Rfd1 c3 31. Nc4 Nb4 32. Bb7 c2 33. Rd2 Re8 34. Ne5 Nxa6 35.
Nxf7 Kxf7 36. Rdxc2 Rb6 37. Be4 Rd8 38. Rc3 Rb4 39. Bc6 Rd6 40. Bb5 Kf6 41.
Bxa6 Rxa6 42. Rxc5 Rbxa4 43. Rc8 Kf7 44. Kg2 Ra2 45. Kg3 Rb6 46. R8c2 Rbb2 47.
Rxb2 Rxb2 48. Rc6 h5 49. Rc1 Kf6 50. h3 gxh3 51. Rh1 Ne6 52. Rxh3 Nc5 53. f3 e6
54. Ng2 Kg6 55. Rh1 Nd7 56. e4 Rb3 57. Ra1 Nf6 58. Ra4 Rc3 59. Rd4 Rb3 60. Nh4+
Kh6 61. e5 Nd5 62. f5 Nc3 63. Rc4 exf5 64. Rc6+ Kh7 65. Nxf5 Ne2+ 66. Kf2 Nf4
67. Rh6+ Kg8 68. Ng3 Nd3+ 1/2-1/2

[Event "FIRST SATURDAY IM  JUNE 2014"]
[Site "Budapest"]
[Date "2014.06.08"]
[Round "2.2"]
[White "Pesotskyi, Vitalii"]
[Black "Szalanczy, Emil"]
[Result "1-0"]
[WhiteElo "2277"]
[BlackElo "2285"]
[PlyCount "79"]
[EventDate "2014.06.07"]

1. Nf3 c5 2. c4 Nc6 3. d4 cxd4 4. Nxd4 Nf6 5. Nc3 e6 6. Ndb5 Bb4 7. a3 Bxc3+ 8.
Nxc3 d5 9. cxd5 exd5 10. e3 O-O 11. Nb5 Bg4 12. f3 Be6 13. Be2 Qb6 14. O-O Rfd8
15. Nd4 Rac8 16. Rf2 Rd6 17. Bf1 Nxd4 18. Qxd4 Qxd4 19. exd4 Bf5 20. g4 Bg6 21.
h4 h5 22. g5 Nh7 23. Bf4 Rdd8 24. Re1 Nf8 25. Re7 Ne6 26. Be5 Rc1 27. Rxb7 Rd1
28. Rb4 Rc8 29. Kh2 Rcc1 30. Bh3 Rh1+ 31. Kg3 Kf8 32. Rb8+ Ke7 33. Rb7+ Kd8 34.
Rxa7 Rcg1+ 35. Rg2 Nxg5 36. hxg5 h4+ 37. Kf4 Rxg2 38. Bc7+ Ke7 39. Bb6+ Ke8 40.
Ra8+ 1-0

[Event "FIRST SATURDAY IM  JUNE 2014"]
[Site "Budapest"]
[Date "2014.06.08"]
[Round "2.3"]
[White "Lyell, Mark"]
[Black "Farago, Sandor"]
[Result "0-1"]
[WhiteElo "2223"]
[BlackElo "2253"]
[PlyCount "94"]
[EventDate "2014.06.07"]

1. e4 e5 2. f4 Bc5 3. Nf3 d6 4. Nc3 Nf6 5. Bc4 Nc6 6. d3 a6 7. Nd5 Nxd5 8. Bxd5
h6 9. f5 Bd7 10. c3 Qe7 11. Qe2 g6 12. fxg6 fxg6 13. b4 Bb6 14. Be3 Bxe3 15.
Qxe3 g5 16. O-O Nd8 17. Nd2 c6 18. Bb3 Ne6 19. Bxe6 Bxe6 20. a4 Rf8 21. Qb6 Rf4
22. g3 Rf7 23. Rxf7 Kxf7 24. Rf1+ Kg7 25. Rf2 Rd8 26. Qe3 c5 27. bxc5 dxc5 28.
c4 b6 29. a5 b5 30. Nb3 bxc4 31. Qxc5 Qxc5 32. Nxc5 Bh3 33. Rd2 Rf8 34. Rd1 c3
35. Nb3 Rb8 36. Na1 Rb2 37. Rc1 Rg2+ 38. Kh1 Rd2 39. Nc2 Rxd3 40. Ne1 Re3 41.
Kg1 Rxe4 42. g4 h5 43. Rxc3 Rxe1+ 44. Kf2 Rf1+ 45. Ke2 hxg4 46. Rc7+ Kg6 47.
Re7 Rh1 0-1

[Event "FIRST SATURDAY IM  JUNE 2014"]
[Site "Budapest"]
[Date "2014.06.09"]
[Round "3.1"]
[White "Farago, Sandor"]
[Black "Gumanny, Evgeny"]
[Result "1-0"]
[WhiteElo "2253"]
[BlackElo "2137"]
[PlyCount "43"]
[EventDate "2014.06.07"]

1. e4 e6 2. d4 d5 3. Nc3 Nf6 4. e5 Nfd7 5. Nce2 c5 6. c3 Nc6 7. f4 cxd4 8. cxd4
Bb4+ 9. Kf2 O-O 10. Nf3 f6 11. h4 fxe5 12. fxe5 Qb6 13. Kg3 Rf5 14. Nf4 Be7 15.
Bd3 Rf7 16. Bxh7+ Kxh7 17. Ng5+ Kg8 18. Qh5 Bxg5 19. hxg5 Rxf4 20. Qh8+ Kf7 21.
g6+ Ke7 22. Bxf4 1-0

[Event "FIRST SATURDAY IM  JUNE 2014"]
[Site "Budapest"]
[Date "2014.06.09"]
[Round "3.2"]
[White "Szalanczy, Emil"]
[Black "Lyell, Mark"]
[Result "0-1"]
[WhiteElo "2285"]
[BlackElo "2223"]
[PlyCount "120"]
[EventDate "2014.06.07"]

1. e4 e5 2. Nf3 Nc6 3. Bb5 f5 4. Nc3 fxe4 5. Nxe4 Nf6 6. Qe2 d5 7. Nxf6+ gxf6
8. d4 Bg7 9. dxe5 O-O 10. e6 Ne5 11. Be3 Bxe6 12. O-O-O Qc8 13. h3 c6 14. Bd3
c5 15. g4 Nxd3+ 16. Qxd3 Qc7 17. Rhe1 Rfe8 18. a3 Rad8 19. Nh4 d4 20. Bd2 Qb6
21. Nf5 c4 22. Qf3 c3 23. bxc3 Ba2 24. Rxe8+ Rxe8 25. Bf4 dxc3 26. Qxc3 Qxf2
27. Be3 Qf3 28. Bd4 Qxc3 29. Bxc3 Be6 30. Nd6 Rd8 31. Rd3 Bf8 32. Ne4 Bxa3+ 33.
Kd2 Rxd3+ 34. cxd3 f5 35. Nf6+ Kf7 36. Nxh7 Be7 37. g5 Kg6 38. Nf6 Kxg5 39. Ne8
Kh4 40. Bf6+ Bxf6 41. Nxf6 a5 42. d4 Kg5 43. Nh7+ Kf4 44. h4 Bf7 45. Nf6 a4 46.
Kc3 a3 47. d5 Ke5 48. Nd7+ Kxd5 49. h5 Bxh5 50. Nf6+ Ke5 51. Nxh5 b5 52. Ng3 f4
53. Nh1 Ke4 54. Nf2+ Ke3 55. Ng4+ Ke2 56. Kb3 b4 57. Nf6 f3 58. Ne4 f2 59. Ng3+
Ke1 60. Kxb4 a2 0-1

[Event "FIRST SATURDAY IM  JUNE 2014"]
[Site "Budapest"]
[Date "2014.06.09"]
[Round "3.3"]
[White "Torma, Robert"]
[Black "Pesotskyi, Vitalii"]
[Result "1-0"]
[WhiteElo "2404"]
[BlackElo "2277"]
[PlyCount "75"]
[EventDate "2014.06.07"]

1. e4 Nf6 2. e5 Nd5 3. d4 Nb6 4. c4 d6 5. exd6 cxd6 6. Nc3 g6 7. Be3 Bg7 8. Rc1
O-O 9. b3 a5 10. Nf3 Bg4 11. Be2 d5 12. c5 Nc8 13. Ng1 Bxe2 14. Ngxe2 Nc6 15.
O-O e6 16. Qd2 N8e7 17. Bg5 b6 18. Nb5 bxc5 19. Rxc5 Qd7 20. Rfc1 Rfb8 21. a4
Rb7 22. h4 f6 23. Bf4 e5 24. dxe5 fxe5 25. Bg5 d4 26. Ng3 Rab8 27. Ne4 Qe6 28.
R5c4 Rb6 29. Bxe7 Nxe7 30. Qxa5 Qg4 31. Nbd6 Qxh4 32. Rc8+ Bf8 33. Rxb8 Rxb8
34. Qxe5 h5 35. Qe6+ Kg7 36. g3 Qg4 37. Qe5+ Kh6 38. Qh8# 1-0

[Event "FIRST SATURDAY IM  JUNE 2014"]
[Site "Budapest"]
[Date "2014.06.10"]
[Round "4.1"]
[White "Gumanny, Evgeny"]
[Black "Pesotskyi, Vitalii"]
[Result "1-0"]
[WhiteElo "2137"]
[BlackElo "2277"]
[PlyCount "67"]
[EventDate "2014.06.07"]

1. d4 Nf6 2. Nf3 g6 3. c4 Bg7 4. Nc3 O-O 5. e4 d6 6. Be2 Bg4 7. O-O Nc6 8. Be3
Nd7 9. d5 Bxf3 10. Bxf3 Nce5 11. Be2 Nb6 12. Qb3 Ned7 13. Qc2 c5 14. Rad1 a6
15. b3 Rb8 16. Kh1 Na8 17. a4 Nc7 18. g4 e5 19. dxe6 Nxe6 20. Rxd6 Nd4 21. Qd1
Qe7 22. Bf4 Rbd8 23. f3 Ne5 24. Rxd8 Qxd8 25. Nd5 Nec6 26. Bc7 Qd7 27. f4 Re8
28. e5 b5 29. axb5 axb5 30. Bb6 bxc4 31. Bxc4 Qb7 32. Bxc5 Ne6 33. Bd6 Kh8 34.
f5 1-0

[Event "FIRST SATURDAY IM  JUNE 2014"]
[Site "Budapest"]
[Date "2014.06.10"]
[Round "4.2"]
[White "Lyell, Mark"]
[Black "Torma, Robert"]
[Result "0-1"]
[WhiteElo "2223"]
[BlackElo "2404"]
[PlyCount "68"]
[EventDate "2014.06.07"]

1. d4 d5 2. c4 e6 3. Nc3 c5 4. cxd5 exd5 5. Nf3 Nc6 6. g3 Nf6 7. Bg2 Be7 8. O-O
O-O 9. Bg5 c4 10. Ne5 Be6 11. Nxc6 bxc6 12. Qc2 Rb8 13. Rfd1 Re8 14. b3 cxb3
15. axb3 Qb6 16. Qd3 a5 17. Rdb1 h6 18. Bf4 Rb7 19. Na4 Qa7 20. Qc3 Bb4 21. Qb2
Bg4 22. f3 Bf5 23. Rc1 g5 24. Rxc6 gxf4 25. Nc5 Rb6 26. Rxb6 Qxb6 27. Rc1 Rc8
28. Kf1 fxg3 29. hxg3 Kg7 30. g4 Bg6 31. Bh3 Bxc5 32. dxc5 Rxc5 33. Rxc5 Qxc5
34. f4 Qe3 0-1

[Event "FIRST SATURDAY IM  JUNE 2014"]
[Site "Budapest"]
[Date "2014.06.10"]
[Round "4.3"]
[White "Farago, Sandor"]
[Black "Szalanczy, Emil"]
[Result "1/2-1/2"]
[WhiteElo "2253"]
[BlackElo "2285"]
[PlyCount "31"]
[EventDate "2014.06.07"]

1. Nf3 Nf6 2. c4 c5 3. g3 g6 4. Bg2 Bg7 5. O-O O-O 6. d3 d6 7. Nc3 Nc6 8. Rb1
a5 9. a3 Bg4 10. h3 Bd7 11. Kh2 Rb8 12. Bg5 h6 13. Bd2 Nd4 14. Nxd4 cxd4 15.
Nd5 Nxd5 16. Bxd5 1/2-1/2

[Event "FIRST SATURDAY IM  JUNE 2014"]
[Site "Budapest"]
[Date "2014.06.11"]
[Round "5.1"]
[White "Szalanczy, Emil"]
[Black "Gumanny, Evgeny"]
[Result "0-1"]
[WhiteElo "2285"]
[BlackElo "2137"]
[PlyCount "122"]
[EventDate "2014.06.07"]

1. e4 c5 2. Nf3 d6 3. d4 cxd4 4. Nxd4 Nf6 5. Nc3 a6 6. Be3 e5 7. Nb3 Be7 8. f3
Be6 9. Qd2 Nbd7 10. g4 Nb6 11. g5 Nfd7 12. O-O-O Qc7 13. Kb1 Nc4 14. Bxc4 Qxc4
15. Nd5 Bxd5 16. Qxd5 Qxd5 17. Rxd5 O-O 18. Na5 f6 19. g6 f5 20. gxh7+ Kxh7 21.
Rd3 fxe4 22. fxe4 Nf6 23. Bg5 Rab8 24. Bxf6 Rxf6 25. a3 Rf2 26. Rh3+ Kg8 27.
Re1 Rc8 28. c3 b6 29. Nb3 Rcf8 30. Nc1 Bg5 31. Nd3 Rd2 32. Ka2 Bf4 33. Kb3 Bxh2
34. Kc4 Rf6 35. a4 Bf4 36. b4 g5 37. Rg1 Kg7 38. b5 axb5+ 39. axb5 Rg6 40. Rg4
Kf7 41. Rf3 Re2 42. Kd5 Ke7 43. Nb4 Rb2 44. Kc6 Re2 45. Kxb6 Rxe4 46. Nd5+ Ke6
47. Rd3 Rc4 48. Rg2 Rc5 49. Nc7+ Kf5 50. Rxd6 Rxc3 51. Rxg6 Kxg6 52. Nd5 Rb3
53. Kc6 Kf5 54. b6 e4 55. b7 e3 56. Ra2 Ke4 57. Nb6 Kf3 58. Ra4 e2 59. Rxf4+
gxf4 60. b8=Q e1=Q 61. Qh8 Qc3+ 0-1

[Event "FIRST SATURDAY IM  JUNE 2014"]
[Site "Budapest"]
[Date "2014.06.11"]
[Round "5.2"]
[White "Torma, Robert"]
[Black "Farago, Sandor"]
[Result "1-0"]
[WhiteElo "2404"]
[BlackElo "2253"]
[PlyCount "83"]
[EventDate "2014.06.07"]

1. e4 c5 2. c3 Nf6 3. e5 Nd5 4. d4 cxd4 5. cxd4 d6 6. Bc4 e6 7. Nf3 Nc6 8. O-O
Be7 9. Qe2 Nb6 10. Bb3 d5 11. Nc3 Bd7 12. Be3 Na5 13. Bc2 Nac4 14. Bc1 a6 15.
Ne1 Rc8 16. Qg4 g6 17. Qg3 Qc7 18. h4 Na3 19. Bd3 Nb5 20. Ne2 Nc4 21. h5 Qb6
22. Nf3 Kd8 23. b3 Nca3 24. Bg5 Re8 25. Rac1 Rc6 26. Qh4 Qc7 27. Rxc6 Bxc6 28.
h6 Rh8 29. Bf6 Ke8 30. Qf4 Bxf6 31. Qxf6 Rg8 32. Qg7 Rf8 33. Ng5 Qe7 34. Nxh7
Nc7 35. Nf6+ Kd8 36. h7 Ne8 37. h8=Q Nxg7 38. Qxg7 Bb5 39. Bxb5 Nxb5 40. Rc1
Qa3 41. Rc5 Ke7 42. Nf4 1-0

[Event "FIRST SATURDAY IM  JUNE 2014"]
[Site "Budapest"]
[Date "2014.06.11"]
[Round "5.3"]
[White "Pesotskyi, Vitalii"]
[Black "Lyell, Mark"]
[Result "1-0"]
[WhiteElo "2277"]
[BlackElo "2223"]
[PlyCount "93"]
[EventDate "2014.06.07"]

1. e4 e5 2. Nf3 Nc6 3. Nc3 Nf6 4. Bb5 Bc5 5. Nxe5 Nxe5 6. d4 Bd6 7. dxe5 Bxe5
8. O-O O-O 9. Bd3 Re8 10. Qf3 c6 11. Bf4 d6 12. h3 Be6 13. Nd1 Nd7 14. Bxe5
dxe5 15. Ne3 Nb6 16. b3 Qe7 17. Qe2 Qc5 18. Rac1 Rad8 19. c3 a5 20. Rfd1 Rd6
21. Qb2 Red8 22. Bf1 Rxd1 23. Rxd1 Rxd1 24. Nxd1 Qd6 25. Ne3 g6 26. Qc1 Kg7 27.
Be2 f6 28. Bg4 Bf7 29. h4 a4 30. h5 Kf8 31. c4 axb3 32. axb3 c5 33. Nd5 Bxd5
34. Qh6+ Ke8 35. exd5 f5 36. Bxf5 Qf6 37. hxg6 hxg6 38. Bxg6+ Ke7 39. Qh7+ Kd8
40. Bf5 Qe7 41. Qh8+ Kc7 42. g4 Nd7 43. Bxd7 Kxd7 44. Qb8 Qg5 45. Qxb7+ Kd8 46.
Qb6+ Kd7 47. Qe6+ 1-0

[Event "FIRST SATURDAY IM  JUNE 2014"]
[Site "Budapest"]
[Date "2014.06.13"]
[Round "6.1"]
[White "Gumanny, Evgeny"]
[Black "Lyell, Mark"]
[Result "0-1"]
[WhiteElo "2137"]
[BlackElo "2223"]
[PlyCount "97"]
[EventDate "2014.06.07"]

1. Nf3 f5 2. d3 Nc6 3. e4 e5 4. Bg5 Nf6 5. exf5 d5 6. Qe2 Bb4+ 7. c3 Bd6 8. g4
h5 9. Bh3 hxg4 10. Bxg4 Be7 11. Bxf6 Bxf6 12. Nbd2 Qe7 13. O-O-O b6 14. d4 exd4
15. Qb5 Qc5 16. Qxc5 bxc5 17. cxd4 Nxd4 18. Nxd4 cxd4 19. Nb3 Rb8 20. Kc2 Rb4
21. h3 Ba6 22. Nc1 Kf7 23. b3 c5 24. Rhe1 c4 25. Re6 Rb6 26. Rxb6 axb6 27. Bf3
d3+ 28. Kb1 Rd8 29. Bh5+ Ke7 30. f4 Kd6 31. b4 Bb5 32. Rd2 Rd7 33. Be8 c3 34.
Rxd3 Bxd3+ 35. Nxd3 Re7 36. Bh5 Re3 37. Kc2 Rxh3 38. Bd1 Rh2+ 39. Kb3 b5 40.
Bc2 Bd4 41. a3 Ke7 42. Ne1 Rf2 43. Nd3 Re2 44. Nc1 Rd2 45. Nd3 Kf6 46. Ne1 Rf2
47. Nd3 Re2 48. Nc1 Rd2 49. Na2 0-1

[Event "FIRST SATURDAY IM  JUNE 2014"]
[Site "Budapest"]
[Date "2014.06.13"]
[Round "6.2"]
[White "Pesotskyi, Vitalii"]
[Black "Farago, Sandor"]
[Result "1-0"]
[WhiteElo "2277"]
[BlackElo "2253"]
[PlyCount "85"]
[EventDate "2014.06.07"]

1. e4 c5 2. Nf3 d6 3. d4 cxd4 4. Nxd4 Nf6 5. Nc3 a6 6. Be2 e6 7. O-O Be7 8. Kh1
Qc7 9. f4 Nbd7 10. Bf3 g6 11. a4 e5 12. Nde2 Nc5 13. b4 Ne6 14. Nd5 Nxd5 15.
exd5 Ng7 16. c4 Qxc4 17. fxe5 Nf5 18. Bf4 Qxb4 19. Rb1 Qa5 20. Nd4 O-O 21. Nxf5
Bxf5 22. exd6 Bf6 23. Rxb7 Rab8 24. Rxb8 Rxb8 25. d7 Rd8 26. Qc1 Rxd7 27. Qc6
Kg7 28. g4 Bd3 29. Rd1 Re7 30. Bh6+ Kxh6 31. Qxf6 Re1+ 32. Kg2 Re2+ 33. Bxe2
Bxe2 34. Qf4+ Kg7 35. Qe5+ f6 36. Qxe2 Qxa4 37. d6 Qc6+ 38. Qf3 Qd7 39. h3 a5
40. Qc3 Qe6 41. Rd2 Qe4+ 42. Qf3 Qb4 43. Qd5 1-0

[Event "FIRST SATURDAY IM  JUNE 2014"]
[Site "Budapest"]
[Date "2014.06.13"]
[Round "6.3"]
[White "Torma, Robert"]
[Black "Szalanczy, Emil"]
[Result "0-1"]
[WhiteElo "2404"]
[BlackElo "2285"]
[PlyCount "112"]
[EventDate "2014.06.07"]

1. c4 c5 2. g3 Nc6 3. Bg2 g6 4. Nc3 Bg7 5. Nf3 Nf6 6. d4 cxd4 7. Nxd4 O-O 8.
O-O Ng4 9. e3 d6 10. b3 Nxd4 11. exd4 Rb8 12. Bb2 Nh6 13. Qd2 Nf5 14. d5 Qa5
15. Rfe1 b5 16. cxb5 Rxb5 17. Rad1 Rb7 18. Re4 Bd7 19. g4 Nh4 20. Rxe7 Rc7 21.
h3 Bxg4 22. Rxc7 Bxd1 23. Rc4 Nf3+ 24. Bxf3 Bxf3 25. Qd3 Bh5 26. Ra4 Qd8 27.
Qe3 Re8 28. Re4 Rxe4 29. Qxe4 Be5 30. f4 Bf6 31. Na4 h6 32. Bd4 g5 33. f5 Bxd4+
34. Qxd4 Qe7 35. Nc3 Qe1+ 36. Kg2 Be2 37. Qf2 Qxc3 38. Qxe2 Kg7 39. Qe7 Qd2+
40. Kg1 Qd4+ 41. Kf1 Qxd5 42. Qxa7 Qxf5+ 43. Ke2 Qe4+ 44. Kf2 d5 45. Qa8 h5 46.
Qd8 Qf5+ 47. Kg2 g4 48. hxg4 Qxg4+ 49. Kh2 Qf4+ 50. Kh3 d4 51. a4 h4 52. Kg2
Qg4+ 53. Kf2 h3 54. Qd5 Qf4+ 55. Kg1 Qg3+ 56. Kh1 d3 0-1

[Event "FIRST SATURDAY IM  JUNE 2014"]
[Site "Budapest"]
[Date "2014.06.14"]
[Round "7.1"]
[White "Torma, Robert"]
[Black "Gumanny, Evgeny"]
[Result "1/2-1/2"]
[WhiteElo "2404"]
[BlackElo "2137"]
[PlyCount "196"]
[EventDate "2014.06.07"]

1. e4 c5 2. c3 d5 3. exd5 Qxd5 4. d4 Nf6 5. Nf3 Bg4 6. Be2 cxd4 7. cxd4 e6 8.
Nc3 Qd6 9. h3 Bxf3 10. Bxf3 Nc6 11. O-O Be7 12. Qa4 O-O 13. Rd1 Rfd8 14. Be3 a6
15. a3 b5 16. Qc2 Rac8 17. b4 Bf8 18. Qb3 h6 19. Rac1 Ne7 20. a4 Ned5 21. axb5
Rxc3 22. Rxc3 Nxc3 23. Qxc3 axb5 24. Be2 Qxb4 25. Qxb4 Bxb4 26. Bxb5 Nd5 27.
Bc4 Rd7 28. Rb1 Be7 29. Rb8+ Kh7 30. Kf1 Bf6 31. Ke2 Ne7 32. Bb5 Rc7 33. Rf8
Nf5 34. Bd3 g6 35. Bxf5 gxf5 36. Ra8 Rd7 37. Kd3 Kg6 38. f4 h5 39. Ra2 Rb7 40.
Rd2 Rd7 41. Rc2 Bg7 42. Rc5 Rb7 43. Bd2 Rb1 44. Bc1 Rb3+ 45. Rc3 Rb4 46. Be3
Rb2 47. Rc2 Rb1 48. Ke2 Rb3 49. Rd2 Rb5 50. Bf2 Bf8 51. Ra2 Rb3 52. Be3 Ba3 53.
Rc2 Kf6 54. d5 exd5 55. Bd4+ Ke7 56. Rc7+ Ke6 57. Rc6+ Ke7 58. Rh6 Bd6 59. Rxh5
Ke6 60. Rh6+ Ke7 61. Bf6+ Kd7 62. Be5 Bxe5 63. fxe5 Ke7 64. Rf6 d4 65. Rxf5
Re3+ 66. Kf2 Re4 67. Kf3 Re1 68. Kf2 Ra1 69. Rf4 d3 70. Rd4 Rd1 71. Ke3 Rg1 72.
Kf3 Rd1 73. Rd6 d2 74. Ke2 Re1+ 75. Kxd2 Rxe5 76. Rd3 Kf8 77. Re3 Rg5 78. g3
Kg7 79. Ke2 Rh5 80. h4 Ra5 81. Kf3 Kg6 82. Kf4 Rf5+ 83. Kg4 Ra5 84. Re8 Ra4+
85. Kh3 Kg7 86. Re3 Kg6 87. Rf3 Rb4 88. g4 Ra4 89. h5+ Kg7 90. Kh4 Rb4 91. Rf5
Rb6 92. Rc5 Re6 93. Kg3 Rb6 94. Kf4 Ra6 95. Kf5 Rf6+ 96. Kg5 Ra6 97. Rd5 Rb6
98. Kf5 Ra6 {...after 20 move} 1/2-1/2

[Event "FIRST SATURDAY IM  JUNE 2014"]
[Site "Budapest"]
[Date "2014.06.14"]
[Round "7.2"]
[White "Szalanczy, Emil"]
[Black "Pesotskyi, Vitalii"]
[Result "1-0"]
[WhiteElo "2285"]
[BlackElo "2277"]
[PlyCount "73"]
[EventDate "2014.06.07"]

1. e4 Nf6 2. e5 Nd5 3. d4 Nb6 4. a4 d5 5. a5 N6d7 6. f4 e6 7. Nf3 c5 8. c3 Nc6
9. Qa4 cxd4 10. cxd4 a6 11. Bd2 b5 12. Qb3 Ndb8 13. Be2 Qc7 14. O-O Qa7 15. Rc1
Bd7 16. Qe3 b4 17. Be1 Be7 18. Nbd2 O-O 19. Nb3 Rc8 20. Bd3 Nd8 21. g4 Rxc1 22.
Rxc1 Bb5 23. Bb1 Nbc6 24. f5 Bc4 25. Nbd2 Nxa5 26. f6 Bf8 27. Bxh7+ Kxh7 28.
Ng5+ Kg8 29. Nxc4 dxc4 30. Bf2 gxf6 31. Ne4 Be7 32. Qh6 fxe5 33. dxe5 f5 34.
Qg6+ Kh8 35. Bxa7 Rxa7 36. Nf6 Bxf6 37. Qxf6+ 1-0

[Event "FIRST SATURDAY IM  JUNE 2014"]
[Site "Budapest"]
[Date "2014.06.14"]
[Round "7.3"]
[White "Farago, Sandor"]
[Black "Lyell, Mark"]
[Result "0-1"]
[WhiteElo "2253"]
[BlackElo "2223"]
[PlyCount "110"]
[EventDate "2014.06.07"]

1. e4 e5 2. Nf3 Nc6 3. Bb5 f5 4. d3 fxe4 5. dxe4 Nf6 6. Bg5 Bc5 7. O-O d6 8.
Nbd2 O-O 9. Bc4+ Kh8 10. c3 Qe8 11. b4 Bb6 12. Bh4 a5 13. a3 Qg6 14. Re1 Nd8
15. Bg3 Nh5 16. Nf1 Nf7 17. Nh4 Qg5 18. Ne3 Nxg3 19. hxg3 Nh6 20. Ra2 axb4 21.
cxb4 Rxf2 22. Nf3 Rxf3 23. Qxf3 Bg4 24. Qf2 Bd7 25. Rae2 Ng4 26. Nxg4 Bxf2+ 27.
Nxf2 Rxa3 28. Rf1 Ra8 29. Nd1 h5 30. Ne3 Bg4 31. Ree1 c6 32. Rf7 b5 33. Bb3 g6
34. Kh2 h4 35. Nxg4 Qxg4 36. Re3 Ra3 37. Rf8+ Kg7 38. Rff3 Rxb3 39. Rxb3 hxg3+
40. Rxg3 Qxe4 41. Kh3 d5 42. Rg4 Qc2 43. Ra3 d4 44. Rgg3 e4 45. Ra7+ Kf6 46.
Rd7 d3 47. Rd6+ Ke7 48. Rgxg6 Qb3 49. Kg4 e3 50. Rxc6 d2 51. Rg7+ Kf8 52. Rb7
d1=Q+ 53. Kh3 Qh5+ 54. Kg3 e2+ 55. Kf2 Qf5+ 0-1

[Event "FIRST SATURDAY IM  JUNE 2014"]
[Site "Budapest"]
[Date "2014.06.15"]
[Round "8.1"]
[White "Gumanny, Evgeny"]
[Black "Farago, Sandor"]
[Result "0-1"]
[WhiteElo "2137"]
[BlackElo "2253"]
[PlyCount "101"]
[EventDate "2014.06.07"]

1. Nf3 c5 2. c4 Nc6 3. Nc3 g6 4. b3 Bg7 5. Bb2 d6 6. g3 e6 7. Bg2 Nge7 8. O-O
O-O 9. Na4 e5 10. d3 a6 11. Nc3 Rb8 12. Nd2 b5 13. Nd5 Be6 14. Nxe7+ Nxe7 15.
Qc2 Qd7 16. Rfe1 Nc6 17. Ne4 h6 18. Nc3 Bh3 19. Bh1 f5 20. e3 bxc4 21. dxc4 e4
22. Rad1 Ne5 23. Na4 Qe7 24. Bxe5 Bxe5 25. f4 exf3 26. Bxf3 Qf6 27. Rd2 h5 28.
Kh1 h4 29. gxh4 Qxh4 30. Rg1 Kg7 31. Nb2 Qh6 32. Re2 Rbe8 33. Nd3 Rf6 34. Bc6
Re7 35. Bd5 Bg4 36. Ree1 Rf8 37. Nxe5 Rxe5 38. Qf2 Qh5 39. Rg3 Rh8 40. Reg1 Qh4
41. R1g2 Qf6 42. Qf4 Rh4 43. Qf2 Bh5 44. Qb2 f4 45. exf4 Rxf4 46. Qd2 Rf1+ 47.
Rg1 Rf2 48. Qc3 Kh7 49. R1g2 Qf4 50. Rxf2 Qxf2 51. Bg2 0-1

[Event "FIRST SATURDAY IM  JUNE 2014"]
[Site "Budapest"]
[Date "2014.06.15"]
[Round "8.2"]
[White "Lyell, Mark"]
[Black "Szalanczy, Emil"]
[Result "0-1"]
[WhiteElo "2223"]
[BlackElo "2285"]
[PlyCount "94"]
[EventDate "2014.06.07"]

1. e4 c5 2. Nf3 d6 3. Bb5+ Bd7 4. Bxd7+ Nxd7 5. O-O Ngf6 6. Qe2 e6 7. b3 Be7 8.
Bb2 O-O 9. c4 Re8 10. d4 cxd4 11. Nxd4 Bf8 12. Nc3 a6 13. Rad1 Rc8 14. Kh1 Qa5
15. f4 Rc5 16. Rf3 Rh5 17. Rg3 Rh4 18. Rg5 Nc5 19. Qf2 Rg4 20. Rxg4 Nxg4 21.
Qf3 Nf6 22. a3 Ncd7 23. Nc2 h5 24. h3 h4 25. Ne3 Rc8 26. Ng4 Qc7 27. Nxf6+ Nxf6
28. Ne2 Be7 29. e5 dxe5 30. fxe5 Nh7 31. Nf4 Ng5 32. Qe2 Qc6 33. Re1 Rd8 34.
Kh2 Qd7 35. Bc1 Qd4 36. a4 Bb4 37. Rf1 Qe4 38. Qxe4 Nxe4 39. Be3 Bc3 40. Bb6
Rd2 41. Kg1 Ng3 42. Rf3 Rd1+ 43. Kf2 Bxe5 44. Nd3 Bc3 45. Ke3 e5 46. Rf2 f5 47.
Rc2 f4+ 0-1

[Event "FIRST SATURDAY IM  JUNE 2014"]
[Site "Budapest"]
[Date "2014.06.15"]
[Round "8.3"]
[White "Pesotskyi, Vitalii"]
[Black "Torma, Robert"]
[Result "0-1"]
[WhiteElo "2277"]
[BlackElo "2404"]
[PlyCount "72"]
[EventDate "2014.06.07"]

1. e4 c5 2. Nf3 Nc6 3. d4 cxd4 4. Nxd4 g6 5. c4 Nf6 6. Nc3 Nxd4 7. Qxd4 d6 8.
Be3 Bg7 9. f3 O-O 10. Qd2 a5 11. Be2 a4 12. O-O Qa5 13. Rab1 Be6 14. Rfc1 Rfc8
15. b4 axb3 16. axb3 Qb4 17. Na4 Qxd2 18. Bxd2 Nd7 19. Be3 Rc6 20. Rd1 f5 21.
Bd3 Ne5 22. Nb6 Ra3 23. Nd5 Kf7 24. Nb4 Rc8 25. exf5 gxf5 26. Bc1 Ra5 27. Bf1
Nc6 28. Nxc6 bxc6 29. b4 Ra4 30. Be3 Rb8 31. c5 Ba2 32. cxd6 Bxb1 33. dxe7
Raxb4 34. Bc5 Bf6 35. Rd8 Bxe7 36. Bc4+ Rxc4 0-1